00887nac a22002171u 4500010001700000020001500017082002000032090001500052100003400067245012200101250001200223260005600235300003900291500010500330650002800435700002200463700002200485942002200507999001500529952012500544 a 2006272675 a080537373X00a611.00222bH971 c3100d3100 aHutchinson ,Matt. 02aA brief atlas of the human body /cMatt Hutchinson ... [et al.] ; photographs by Ralph T. Hutchings and Nina Zanetti. a2nd ed. aSan Francisco :bPearson Benjamin Cummings,cc2007. avii, 129 p. :bcol. ill. ;c28 cm. aRev. ed. of: A brief atlas of the human body / Matt Hutchinson, Jon Mallatt, Elaine N. Marieb. 2003. 0aHuman anatomyvAtlases.1 aHutchinson, Matt.1 aHutchinson, Matt. cBBk611.00222H971 c3100d3100 00104070aMAINbMAINc1STd2007-03-20ePurchasel12m96o611.00222 HUTp000001140r2025-07-15 00:00:00s2023-12-20yBB